<?xml version="1.0" encoding="UTF-8"?>
<record
    xmlns:xsi="http://www.w3.org/2001/XMLSchema-instance"
    xsi:schemaLocation="http://www.loc.gov/MARC21/slim http://www.loc.gov/standards/marcxml/schema/MARC21slim.xsd"
    xmlns="http://www.loc.gov/MARC21/slim">

  <leader>00734nam a22002172  4500</leader>
  <controlfield tag="001">0000019969</controlfield>
  <controlfield tag="005">20151217155904.0</controlfield>
  <controlfield tag="008">110405s         xx           000 0 eng d</controlfield>
  <datafield tag="040" ind1=" " ind2=" ">
    <subfield code="a">KABU</subfield>
    <subfield code="c">KABU</subfield>
  </datafield>
  <datafield tag="100" ind1="1" ind2=" ">
    <subfield code="a">Chebet, Susan.</subfield>
    <subfield code="@">0000179993</subfield>
  </datafield>
  <datafield tag="245" ind1="1" ind2="0">
    <subfield code="a">Climbing the cliff :</subfield>
    <subfield code="b">a history of the Keiyo /</subfield>
    <subfield code="c">Susan Chebet and Ton Dietz.</subfield>
  </datafield>
  <datafield tag="250" ind1=" " ind2=" ">
    <subfield code="a">1st ed.</subfield>
  </datafield>
  <datafield tag="260" ind1=" " ind2=" ">
    <subfield code="a">Moi University, Eldoret :</subfield>
    <subfield code="b">Moi university press,</subfield>
    <subfield code="c">2000.</subfield>
  </datafield>
  <datafield tag="300" ind1=" " ind2=" ">
    <subfield code="a">xviii, 224 p.</subfield>
  </datafield>
  <datafield tag="650" ind1=" " ind2="0">
    <subfield code="a">Elgeyo (African people)</subfield>
    <subfield code="@">0000179994</subfield>
  </datafield>
  <datafield tag="650" ind1=" " ind2="0">
    <subfield code="a">Keiyo district (Kenya)</subfield>
    <subfield code="x">Social life and customs.</subfield>
    <subfield code="@">0000179995</subfield>
  </datafield>
  <datafield tag="700" ind1="1" ind2=" ">
    <subfield code="a">Dietz, Ton.</subfield>
    <subfield code="@">0000169605</subfield>
  </datafield>
  <datafield tag="852" ind1="1" ind2=" ">
    <subfield code="9">p600 KES</subfield>
  </datafield>
  <datafield tag="908" ind1=" " ind2=" ">
    <subfield code="a">110405</subfield>
  </datafield>
  <datafield tag="950" ind1=" " ind2=" ">
    <subfield code="@">1</subfield>
  </datafield>
  <datafield tag="999" ind1=" " ind2=" ">
    <subfield code="c">13743</subfield>
    <subfield code="d">13743</subfield>
  </datafield>
  <datafield tag="952" ind1=" " ind2=" ">
    <subfield code="0">0</subfield>
    <subfield code="1">0</subfield>
    <subfield code="2">lcc</subfield>
    <subfield code="7">0</subfield>
    <subfield code="a">KABU</subfield>
    <subfield code="b">KABU</subfield>
    <subfield code="d">2015-12-17</subfield>
    <subfield code="l">3</subfield>
    <subfield code="o">DT434 .K45C44 2000 c.1</subfield>
    <subfield code="p">21894</subfield>
    <subfield code="r">2021-02-09 00:00:00</subfield>
    <subfield code="s">2021-01-26</subfield>
    <subfield code="w">2015-12-17</subfield>
    <subfield code="y">AFRI</subfield>
  </datafield>
</record>
